| 000 | 01092nas a2200349 4500 | ||
|---|---|---|---|
| 001 | BR2015004333 | ||
| 003 | BR-BrBNA | ||
| 005 | 20231205125613.0 | ||
| 007 | ta | ||
| 008 | 230509b bl.|||p| |||| 00| 00por d | ||
| 040 |
_aBR-BrBNA _bpor _cBiblioteca Nacional de Agricultura |
||
| 041 | _a(En) | ||
| 072 | _aF01 | ||
| 100 | 1 | _aMelo, T.K. de | |
| 100 | 1 | _aMedeiros, J.F. de | |
| 100 | 1 | _aEspinola Sobrinho, J. | |
| 100 | 1 | _aFigueiredo, V.B. | |
| 100 | 1 | _aSouza, P.S. de | |
| 245 | 1 | _aEvapotranspiration and crop coefficients of melon plants measured by lysimeter and estimated according to FAO 56 methodology | |
| 650 | _aMELAO | ||
| 650 | _aCUCUMIS MELO | ||
| 650 | _aMANEJO DE AGUA | ||
| 650 | _aIRRIGACAO | ||
| 650 | _aEVAPOTRANSPIRACAO | ||
| 650 | _aCLIMATOLOGIA | ||
| 650 | _aLEVANTAMENTO | ||
| 650 | _aLISIMETRO | ||
| 773 | 0 |
_tEngenharia Agrícola (Brazil) _xISSN 1809-4430 _g(Sep-Oct 2013), v. 33(5) p. 929-939 _wBR2015004333 |
|
| 856 | 4 | 0 | _uhttp://www.scielo.br/pdf/eagri/v33n5/a05v33n5.pdf |
| 909 |
_a202311 _bLúcia _c55 _dLúcia Elande |
||
| 942 |
_2AGRIS _n0 _cANA |
||
| 999 |
_c245141 _d245141 |
||